000 01203nam a2200253 a 4500
001 47220
003 BD-RjUL
005 20211209054258.0
008 160807s2006 bg ||||| |||| 00| 0 ben d
020 _a9644391241
_c: Tk. 300.00
035 _a(BD-RjUL)47339
040 _aBD-RjUL
_bben
_cBD-RjUL
041 _aben
082 _223
_a297.63
_bSUC 2006
100 1 _aসুবহানী, আয়াতুল্লাহ জাফর
_9143774
245 1 0 _aচিরভাস্বর মহানবী (সা.) /
_cআয়াতুল্লাহ জাফর সুবহানী ; মোহাম্মদ মুনীর হোসেন খান, অনুবাদক ; আব্দুল মুকীত চৌধুরী, সম্পাদক
260 _aবাংলাদেশ :
_bআন্তর্জাতিক প্রকাশনা সংস্থা,
_c২০০৬
300 _a খণ্ড ;
_c২৫ সেমি.
505 0 _a খণ্ড ৫ --
650 _aইসলামী নেতা
_9143775
650 _aIslamic leader
_9143776
700 _aচৌধুরী, আব্দুল মুকীত, সম্পাদক
_9126521
942 _2ddc
_cBK
999 _c47220
_d47220